Vybrané problémy v oblasti udržateľnej módy

Súčasný trend v oblasti módy nazývaný ako udržateľná móda ako súčasť filozofie udržateľného dizajnu, kde je výrobok navrhnutý a vyrobený s ohľadom na životné prostredie a spoločenskú zodpovednosť. Súčasná poznatková báza v oblasti udržateľnej módy s dôrazom na pomalú módu (slow fashion) ako dôležite...

Descrizione completa

Salvato in:
Dettagli Bibliografici
Autore principale: Matušovičová, Monika, 1967-
Natura: Capitolo di libro
Lingua:slovacco
Soggetti:
Tags: Aggiungi Tag
Nessun Tag, puoi essere il primo ad aggiungerne!!

MARC

LEADER 00000naa$a2200000$$$4500
001 0271617
005 20240502074300.8
041 0 |a slo 
044 |a SK 
245 1 0 |a Vybrané problémy v oblasti udržateľnej módy  |c Monika Matušovičová 
520 |a Súčasný trend v oblasti módy nazývaný ako udržateľná móda ako súčasť filozofie udržateľného dizajnu, kde je výrobok navrhnutý a vyrobený s ohľadom na životné prostredie a spoločenskú zodpovednosť. Súčasná poznatková báza v oblasti udržateľnej módy s dôrazom na pomalú módu (slow fashion) ako dôležitej súčasti konceptu cirkulárnej ekonomiky. Negatívne vplyvy módneho priemyslu na environmentálnu a socioekonomickú oblasť. Deskripcia a komparácia teoretických poznatkov predmetnej problematiky a analýza cirkulárnej módy s využitím údajov zo štúdií medzinárodných poradenských spoločností a výskumných agentúr. 
610 2 0 |a hospodárstvo obehové 
610 2 0 |a priemysel odevný 
610 2 0 |a odevy 
610 2 0 |a výroba ekologická 
610 2 0 |a inovácie environmentálne 
610 2 0 |a produkty environmentálne 
610 2 0 |a recyklácia odpadu 
100 1 |a Matušovičová, Monika, 1967-